| 000 | 00877nas a2200265 4500 | ||
|---|---|---|---|
| 001 | BR2014000897 | ||
| 003 | BR-BrBNA | ||
| 005 | 20231205123708.0 | ||
| 007 | ta | ||
| 008 | 230509b bl.|||p| |||| 00| 00por d | ||
| 040 |
_aBR-BrBNA _bpor _cBiblioteca Nacional de Agricultura |
||
| 041 | _a(Pt) | ||
| 072 | _aH50; N20 | ||
| 100 | 1 | _aVigano, L.S. | |
| 100 | 1 | _aRaetano, C.G. | |
| 245 | 1 | _aAssistência de ar e volumes de aplicação na deposição de calda e no controle do arroz vermelho (Oryza sativa L.) | |
| 650 | _aHERBICIDA | ||
| 650 | _aCONTROLE QUÍMICO | ||
| 650 | _aORYZA SATIVA | ||
| 650 | _aPULVERIZAÇÃO | ||
| 773 | 0 |
_tEngenharia Agrícola (Brazil) _xISSN 0100-6916 _g(Sep-Dec 2007), v. 27(3) p. 734-741 _wBR2014000897 |
|
| 856 | 4 | 0 | _uhttp://www.scielo.br/pdf/eagri/v27n3/a17v27n3.pdf |
| 909 |
_a202311 _bLúcia _c55 _dLúcia Elande |
||
| 942 |
_2AGRIS _n0 _cANA |
||
| 999 |
_c235224 _d235224 |
||